00795nam a22002297a 450000500170000001000140001702000220003103500140005303700160006704000120008308200150009524500770011026000240018727000380021130000280024950000510027765000450032870000210037394200240039499900190041895201280043720170124105918.0 aTA-003068 a9231018191c00.00 aTA-003068 bCen Lib/Ret aDPLbEN a016.8bBIB aBibliography on mangroves research :b1600-1975 /ccompiled by B. Rollet aParisbUnescoc1981 a7 Place De Fontenoy, 75700bParis axxviii, 479p.c23cm(Hb) aIncludes bibliographical references and index aMangroves-ResearchvBibliography9106776 aRollet, B.93266 2ddccENh016.8mROL c122954d122954 001040718REFaLbLd2015-06-01eCen Lib/Retg0.00l0o016.8 ROLpTA-003068r2015-06-01 00:00:00t1v0.00w2016-09-15yEN